| 000 | 00489nam a2200169Ia 4500 | ||
|---|---|---|---|
| 999 |
_c22265 _d22265 |
||
| 003 | OSt | ||
| 005 | 20200214154122.0 | ||
| 008 | 190216s9999||||xx |||||||||||||| ||und|| | ||
| 040 | _coclc | ||
| 082 |
_a297 _bKHA/I |
||
| 100 |
_aKhan, Moulana Waheedudheen _92006 |
||
| 245 | 0 |
_aIslam Velluvilikkunnu / _cMoulana Waheedudheen Khan |
|
| 260 |
_bYuvatha Book House, _c1990. |
||
| 300 | _a333p | ||
| 650 | _aIslamic History | ||
| 942 |
_cBK _2ddc _h297 _iKHA/I _k297 _mKHA/I |
||